[Event "Queen's Birthday"]
[Site "Adelaide"]
[Date "2001.06.10"]
[Round "5.3"]
[White "Schoech, Franz"]
[Black "Sanders, Peter"]
[Result "0-1"]
[BlackElo "1875"]
[EventCountry "AUS"]
[EventDate "2001.06.09"]
[EventRounds "6"]
[EventType "swiss"]
[PlyCount "67"]
[WhiteElo "1212"]

1. e4 c5 2. Bc4 Nc6 { Sicilian Defence:}  3. Nc3 g6 4. d3 Bg7 5. Bd2 Nf6 6. Rb1
a6 7. Qf3 O-O 8. Nge2 d6 9. Be3 Ne5 10. Qg3 Nh5 11. Qh4 h6 12. f3 b5 13. Bb3
Bd7 14. Rf1 a5 15. a4 c4 16. dxc4 bxc4 17. Ba2 Bf6 18. Qf2 g5 19. h3 Rb8 20. g4
Nf4 21. Nxf4 gxf4 22. Bxf4 Ng6 23. Bxh6 Bh4 24. Bxf8 Qxf8 25. Nd5 Qh6 26. Ke2
Bxf2 27. Rxf2 Nf4+ 28. Nxf4 Qxf4 29. Bxc4 Bxa4 30. b3 Bb5 31. Bxb5 Rxb5 32. h4
d5 33. exd5 Rxd5 34. Rd1  0-1

[Event "Queen's Birthday"]
[Site "Adelaide"]
[Date "2001.06.10"]
[Round "5.4"]
[White "Thiyagarajah, Prakash"]
[Black "Cowley, Robert G"]
[Result "0-1"]
[BlackElo "2124"]
[EventCountry "AUS"]
[EventDate "2001.06.09"]
[EventRounds "6"]
[EventType "swiss"]
[PlyCount "46"]
[WhiteElo "1200"]

1. e4 c6 2. d4 d5 3. e5 Bf5 4. Bd3 Bxd3 5. Qxd3 e6 6. Nf3 { Caro-Kann: Advance
Variation:}  6... Ne7 7. Bg5 Qb6 8. Qb3 Qa6 9. Nbd2 Nd7 10. c4 dxc4 11. Nxc4
Nd5 12. O-O h6 13. Bd2 Be7 14. Rac1 O-O 15. Ne1 f5 16. Qg3 Kh7 17. a3 c5 18.
dxc5 Nxc5 19. Nd3 Ne4 20. Qf3 b5 21. Be1 bxc4 22. Nf4 Nxf4 23. Qxf4 Bg5  0-1

[Event "Queen's Birthday"]
[Site "Adelaide"]
[Date "2001.06.10"]
[Round "5.5"]
[White "Dakovic, Goran"]
[Black "Lutley, Philip"]
[Result "1/2-1/2"]
[BlackElo "1416"]
[EventCountry "AUS"]
[EventDate "2001.06.09"]
[EventRounds "6"]
[EventType "swiss"]
[PlyCount "27"]
[WhiteElo "1749"]

1. d4 Nf6 2. c4 g6 3. Nc3 Bg7 4. e4 d6 5. f3 O-O 6. Be3 c6 { King's Indian:
Samisch Variation:}  7. Rc1 e5 8. d5 Ne8 9. Bd3 f5 10. Nge2 f4 11. Bf2 g5 12.
h3 c5 13. Qb3 a6 14. a4  1/2-1/2

[Event "Queen's Birthday"]
[Site "Adelaide"]
[Date "2001.06.10"]
[Round "5.7"]
[White "Cooke, Tristrom P"]
[Black "Wright, Bruce"]
[Result "1-0"]
[BlackElo "1611"]
[EventCountry "AUS"]
[EventDate "2001.06.09"]
[EventRounds "6"]
[EventType "swiss"]
[PlyCount "77"]
[WhiteElo "1288"]

1. e4 d6 2. d4 Nf6 3. Nc3 g6 4. Bf4 Bg7 5. Qd2 { Pirc Defence:}  5... h6 6.
O-O-O c6 7. e5 Nd5 8. Nxd5 cxd5 9. exd6 exd6 10. Bb5+ Nc6 11. Qb4 Bf8 12. Re1+
Be6 13. Qb3 Be7 14. Nf3 g5 15. Be3 O-O 16. Nd2 Bf6 17. Qd3 Nb4 18. Qb3 Qa5 19.
a4 a6 20. Be2 b5 21. c3 Rfc8 22. Nb1 Bf5 23. Kd2 Nc2 24. Rc1 bxa4 25. Qa2 Nxe3
26. fxe3 Bxb1 27. Rxb1 a3 28. Qxa3 Qxa3 29. bxa3 Rc6 30. Rhf1 Bd8 31. Bf3 Rac8
32. Rb3 Ba5 33. Rc1 R6c7 34. Kd3 Kg7 35. Bxd5 f5 36. Rb7 Kf6 37. Rxc7 Rxc7 38.
c4 Rc8 39. Rf1  1-0

[Event "Queen's Birthday"]
[Site "Adelaide"]
[Date "2001.06.10"]
[Round "6.1"]
[White "Sanders, Peter"]
[Black "Zaric, Srboljub"]
[Result "0-1"]
[BlackElo "2174"]
[EventCountry "AUS"]
[EventDate "2001.06.09"]
[EventRounds "6"]
[EventType "swiss"]
[PlyCount "84"]
[WhiteElo "1875"]

1. e4 e6 2. d4 d5 3. e5 c5 4. c3 Nc6 5. a3 Bd7 6. Nf3 f6 7. b4 { French Defence:
Advance Variation:}  7... cxd4 8. cxd4 fxe5 9. dxe5 Qc7 10. Bb2 Nh6 11. Bd3 Nf7
12. Qe2 Be7 13. Nbd2 Rc8 14. Rc1 Qb8 15. O-O O-O 16. Nb3 b6 17. Rfe1 Nh6 18.
Nfd4 Nxd4 19. Nxd4 g6 20. Qe3 Kg7 21. Qg3 Rxc1 22. Rxc1 Nf7 23. Nf3 Qd8 24. h4
Nh6 25. h5 Nf5 26. Qg4 Nh6 27. Qh3 g5 28. Nd4 g4 29. Qh2 Bg5 30. Rc6 Re8 31.
Rc2 Ba4 32. Re2 Bd7 33. f4 gxf3 34. gxf3 Kh8 35. f4 Bh4 36. Rg2 Rg8 37. f5 Ng4
38. Qf4 Bg5 39. Qf3 Be3+ 40. Kf1 Qh4 41. Rxg4 Rxg4 42. Qxe3 Qh1+  0-1

[Event "Queen's Birthday"]
[Site "Adelaide"]
[Date "2001.06.10"]
[Round "6.2"]
[White "Srdic, Goran"]
[Black "Yang, Song"]
[Result "1/2-1/2"]
[BlackElo "1826"]
[EventCountry "AUS"]
[EventDate "2001.06.09"]
[EventRounds "6"]
[EventType "swiss"]
[PlyCount "81"]
[WhiteElo "1817"]

1. Nf3 d6 2. d4 Nf6 3. c4 g6 4. Nc3 Bg7 5. e4 O-O 6. Be2 { King's
Indian:Classical Main Line:}  6... e5 7. O-O Nc6 8. d5 Ne7 9. b4 c6 10. Nd2 Ne8
11. Nb3 cxd5 12. cxd5 f5 13. Bg5 Nf6 14. Bxf6 Rxf6 15. Rc1 Bd7 16. Na5 Bh6 17.
Rc2 Rb8 18. Bb5 a6 19. Bxd7 Qxd7 20. Qd3 fxe4 21. Nxe4 Rff8 22. Nc4 Nf5 23. Qh3
Rf7 24. Kh1 Qb5 25. Qd3 Rd8 26. Nc3 Qd7 27. Ne2 Qe7 28. Nd2 Rdf8 29. Rfc1 e4
30. Nxe4 Bxc1 31. Rxc1 Re8 32. f3 Qe5 33. Qc3 Qxc3 34. Rxc3 Re5 35. Rd3 Ne7 36.
N2c3 Rff5 37. g4 Rf8 38. Kg2 Re8 39. f4 Rxe4 40. Nxe4 Kg7 41. Kf3  1/2-1/2

[Event "Queen's Birthday"]
[Site "Adelaide"]
[Date "2001.06.10"]
[Round "6.3"]
[White "Cowley, Robert G"]
[Black "Guthrie, Aaron"]
[Result "1-0"]
[BlackElo "1709"]
[EventCountry "AUS"]
[EventDate "2001.06.09"]
[EventRounds "6"]
[EventType "swiss"]
[PlyCount "85"]
[WhiteElo "2124"]

1. c4 e5 2. Nc3 Bb4 3. Nf3 Nc6 4. Qc2 Nf6 5. e3 O-O 6. Nd5 Re8 7. Qf5 { English
Opening:}  7... Re6 8. Ng5 Be7 9. Nxf6+ Bxf6 10. Qxh7+ Kf8 11. Nxe6+ dxe6 12.
Qh8+ Ke7 13. Qxd8+ Nxd8 14. d3 g5 15. Bd2 a5 16. O-O-O c5 17. Bc3 Nc6 18. Be2
Bd7 19. a3 Bg7 20. h4 gxh4 21. Rxh4 Bf6 22. Rh7 Rg8 23. g3 Be8 24. Rdh1 b6 25.
Kd2 Bd7 26. b3 Be8 27. Bf3 Nb8 28. b4 Bc6 29. Bxc6 Nxc6 30. bxc5 bxc5 31. Rb1
Rg7 32. Rb7+ Kd6 33. Rxg7 Bxg7 34. Rxf7 Bh6 35. g4 a4 36. f4 exf4 37. exf4 Nd8
38. Be5+ Kc6 39. Rc7+ Kb6 40. g5 Bf8 41. g6 Nc6 42. Rxc6+ Kxc6 43. g7  1-0

[Event "Queen's Birthday"]
[Site "Adelaide"]
[Date "2001.06.10"]
[Round "6.4"]
[White "Peake, Michael"]
[Black "Wedding, Robin"]
[Result "0-1"]
[BlackElo "1927"]
[EventCountry "AUS"]
[EventDate "2001.06.09"]
[EventRounds "6"]
[EventType "swiss"]
[PlyCount "48"]
[WhiteElo "1497"]

1. e4 e6 2. Nf3 d5 3. exd5 exd5 4. d4 Nf6 { French Defence: Exchange Variation:}
 5. Be3 Bd6 6. Nc3 O-O 7. Be2 Re8 8. Qd2 c6 9. Bf4 Bb4 10. a3 Ne4 11. Qd3 Bxc3+
12. bxc3 Bf5 13. Ng5 Qa5 14. O-O Bg6 15. Nxe4 Bxe4 16. Qd2 Nd7 17. f3 Bg6 18.
Bd3 Nb6 19. Rfe1 Na4 20. Rxe8+ Rxe8 21. Rb1 Bxd3 22. cxd3 Qxc3 23. Rxb7 Qxd4+
24. Be3 Rxe3  0-1

[Event "Queen's Birthday"]
[Site "Adelaide"]
[Date "2001.06.10"]
[Round "6.5"]
[White "Dakovic, Goran"]
[Black "Thiyagarajah, Prakash"]
[Result "1-0"]
[BlackElo "1200"]
[EventCountry "AUS"]
[EventDate "2001.06.09"]
[EventRounds "6"]
[EventType "swiss"]
[PlyCount "100"]
[WhiteElo "1749"]

1. d4 d5 2. c4 e6 3. Nc3 c6 4. cxd5 cxd5 5. Bf4 { Queen's Gambit Declined:
Semi-Slav:}  5... Bb4 6. Qb3 Nc6 7. e3 Nf6 8. a3 Qa5 9. Rc1 Bxc3+ 10. Qxc3
Qxc3+ 11. Rxc3 Ne4 12. Rc2 Bd7 13. Bd3 Nf6 14. Nf3 O-O 15. O-O h6 16. Rfc1 Rac8
17. b4 a6 18. Bd6 Rfd8 19. Ne5 Be8 20. Nxc6 Rxc6 21. Rxc6 Bxc6 22. Be7 Rc8 23.
Kf1 Ne4 24. Ke2 Rc7 25. Bd8 Rd7 26. Bb6 Rd6 27. Bc7 Rd7 28. Ba5 Nd6 29. Bxa6
Nc4 30. Bxc4 dxc4 31. Bb6 Bb5 32. Kd2 Rd6 33. Bc7 Ra6 34. Ra1 c3+ 35. Kc2 Ba4+
36. Kd3 Rc6 37. Bg3 c2 38. Kd2 Kf8 39. f3 Bb5 40. Be1 Be2 41. Kc1 Bd1 42. Ra2
b5 43. a4 Ra6 44. a5 Ke7 45. Ra3 Kd6 46. Rc3 Rc6 47. Rxc6+ Kxc6 48. Kb2 Kb7 49.
Bd2 Kc6 50. Kc3 Kd6  1-0

[Event "Queen's Birthday"]
[Site "Adelaide"]
[Date "2001.06.10"]
[Round "6.6"]
[White "Lutley, Philip"]
[Black "Wright, Bruce"]
[Result "0-1"]
[BlackElo "1611"]
[EventCountry "AUS"]
[EventDate "2001.06.09"]
[EventRounds "6"]
[EventType "swiss"]
[PlyCount "62"]
[WhiteElo "1416"]

1. Nf3 Nf6 2. c4 g6 3. b3 Bg7 4. Bb2 O-O 5. e3 d6 6. d4 { English Opening:} 
6... a5 7. Bd3 Nfd7 8. Qc2 e5 9. dxe5 dxe5 10. e4 Na6 11. a3 Ndc5 12. Be2 Qe7
13. Nc3 c6 14. O-O-O Be6 15. Kb1 f5 16. Bc1 h6 17. Ka2 Nb4+ 18. axb4 axb4+ 19.
Kb2 bxc3+ 20. Qxc3 Nxe4 21. Qe3 Qa3+ 22. Kc2 Qa2+ 23. Bb2 Qa7 24. Rhf1 f4 25.
Qxa7 Rxa7 26. Bd3 Bf5 27. Rde1 Nc5 28. Bxf5 gxf5 29. Nxe5 Ra2 30. Ra1 Rxb2+ 31.
Kxb2 Bxe5+  0-1

[Event "Queen's Birthday"]
[Site "Adelaide"]
[Date "2001.06.10"]
[Round "6.7"]
[White "Schoech, Franz"]
[Black "Cooke, Tristrom P"]
[Result "0-1"]
[BlackElo "1288"]
[EventCountry "AUS"]
[EventDate "2001.06.09"]
[EventRounds "6"]
[EventType "swiss"]
[PlyCount "97"]
[WhiteElo "1212"]

1. e4 e5 2. Nf3 Nc6 3. Bc4 Bc5 4. d3 Nf6 { Giuoco Pianissimo:}  5. a3 d6 6. b4
Bb6 7. h3 a5 8. bxa5 Nxa5 9. Ba2 Be6 10. c4 Nc6 11. Bb2 O-O 12. Bb3 Na5 13. Qc2
Nd7 14. d4 Nxb3 15. Qxb3 exd4 16. Nxd4 Nc5 17. Qc2 Bd7 18. Nd2 Ba4 19. N4b3
Bxb3 20. Nxb3 Nxe4 21. Nd4 Ba5+ 22. Ke2 Re8 23. Kd1 Bb6 24. a4 Qf6 25. f3 Bxd4
26. Kc1 Bxb2+ 27. Qxb2 Qxb2+ 28. Kxb2 Ng3 29. Rhg1 Re2+ 30. Kb3 c5 31. a5 Rae8
32. Ka4 Rb2 33. Rgb1 Rxb1 34. Rxb1 g6 35. Rxb7 Nf5 36. a6 Kg7 37. Ka5 Ra8 38.
Kb6 Ne3 39. Kb5 Nxc4 40. Kxc4 Rxa6 41. Rd7 Ra2 42. Rxd6 Rd2 43. Kxc5 Rxd6 44.
Kxd6 Kf6 45. Kd5 Kf5 46. Kd4 Kf4 47. Kd5 f6 48. h4 h5 49. g4  0-1